Airlines by Tailfin - Statistics

General Stats
  • This quiz has been taken 1,455 times
  • The average score is 9 of 10
Answer Stats
Picture Answer % Correct
Air Canada
94%
Lufthansa
94%
Qantas
94%
Delta Air Lines
93%
British Airways
89%
Southwest Airlines
84%
Thai Airways
83%
Qatar Airways
80%
Aeroflot
74%
Singapore Airlines
70%
No matching quizzes found
Score Distribution
Percent of People with Each Score
Percentile by Number Answered
Your Score History
You have not taken this quiz